| 000 | 01396nmc a2200493 a 4500 | ||
|---|---|---|---|
| 003 | AR-BaBNM | ||
| 005 | 20251128205608.0 | ||
| 008 | 278019s1987 ||||||||||||||000 | spa|| | ||
| 020 | _a968-23-0494-6 | ||
| 040 | _cAR-BaBNM | ||
| 245 | 1 | 0 |
_aGriegos y Persas _bel mundo mediterráneo en la Edad Antigua |
| 250 | _a19ª ed. | ||
| 260 |
_aMéxico, D.F. _bSiglo Veintiuno _c1987 |
||
| 300 |
_a413 p. _bmapas |
||
| 490 | 0 |
_aHistoria Universal siglo XXI _vv. 5 |
|
| 500 | _aIndice alfabético p. 400-412 | ||
| 504 | _aBibliografía p. 391-399 | ||
| 600 | 0 | 4 | _aPericles |
| 600 | 0 | 4 |
_aClístenes _dca.570 a.C.- 508 a.C. |
| 600 | 0 | 4 | _aFilipo |
| 600 | 0 | 4 | _aAlejandro Magno |
| 650 | 4 | _aHISTORIA ANTIGUA | |
| 650 | 4 | _aHISTORIA ASIATICA | |
| 650 | 4 | _aHISTORIA EUROPEA | |
| 650 | 4 | _aCOMERCIO | |
| 650 | 4 | _aHISTORIA DE LA FILOSOFIA | |
| 650 | 4 | _aHISTORIA DEL ARTE | |
| 650 | 4 | _aHISTORIA ECONOMICA | |
| 650 | 4 | _aHISTORIA POLITICA | |
| 650 | 4 | _aHISTORIA SOCIAL | |
| 650 | 4 | _aJUDAISMO | |
| 651 | 4 | _aAtenas | |
| 651 | 4 | _aPersia | |
| 651 | 4 | _aFenicia | |
| 651 | 4 | _aEsparta | |
| 700 | 1 |
_aBresciani, Edda _ecolaborador |
|
| 700 | 1 |
_aCaskel, Werner _ecolaborador |
|
| 700 | 1 |
_aMeuleau, Maurice _ecolaborador |
|
| 700 | 1 |
_aSmith, Morton _ecolaborador |
|
| 700 | 1 |
_aBengtson, Hermann _ecolaborador |
|
| 700 | 1 |
_aGerhard, Carlos _etraductor |
|
| 942 | _cBK | ||
| 998 | _cMariana | ||
| 999 |
_c12055 _d12055 |
||